[Event "EST-ch"]
[Site "Tallinn"]
[Date "1999.05.01"]
[Round "1"]
[White "Veingold, Aleksandr"]
[Black "Cheutshenko, Robert"]
[Result "1/2-1/2"]
[WhiteElo "2475"]
[BlackElo "2357"]

1.d4 Nf6 2.Nf3 g6 3.c4 Bg7 4.Nc3 O-O 5.e4 d6 6.Be2 e5 7.O-O Nc6 8.d5 Ne7
9.b4 Nh5 10.Re1 f5 11.Ng5 Nf4 12.Bxf4 exf4 13.Rc1 Bf6 14.Ne6 Bxe6 15.dxe6 Bxc3
16.Rxc3 fxe4 17.Qb1 f3 18.gxf3 Nc6 19.Re3 Qg5+ 20.Kh1 Rae8 21.Rg1 Qf5 22.Qxe4 Qxe4
23.Rxe4 Nxb4 24.c5 dxc5 25.Rb1 b6 26.e7 Rf5 27.Rd1 c6 28.Rd7 b5 29.Rxa7 Nd5
30.a4 c4 31.axb5 cxb5 32.Bf1 Nf4 33.Rb7 Kg7 34.h4 h6 35.Kh2 g5 36.hxg5 hxg5
37.Bh3 Nxh3 38.Kxh3 Rc5 39.f4 gxf4 40.Rxf4 c3 41.Rg4+ Kf6 42.Rf4+ Ke6 43.Re4+ Kd6
44.Rd4+ Kc6 45.Rdd7 Rg5 46.Rbc7+ Kb6 47.Rb7+ Ka5 48.Rd8 c2 49.Rxe8 c1=Q 50.Ra8+ Kb4
51.Rxb5+ Rxb5 52.e8=Q Qh1+ 53.Kg3 Qg1+ 54.Kh3 Qh1+ 55.Kg3 Qg1+ 56.Kh3 Qh1+  1/2-1/2

[Event "IND-ROW m"]
[Site "Bali"]
[Date "1999.05.03"]
[Round "2"]
[White "Barus, Cerdas"]
[Black "Ehlvest, Jaan"]
[Result "1/2-1/2"]
[WhiteElo "2465"]
[BlackElo "2593"]

1.d4 g6 2.c4 Bg7 3.Nf3 d6 4.Nc3 Nf6 5.e4 O-O 6.Be2 e5 7.O-O Nc6 8.d5 Ne7
9.b4 Nh5 10.Re1 c6 11.Nd2 Nf4 12.Bf1 h5 13.a4 Bg4 14.Qb3 h4 15.h3 Bd7 16.Nf3 cxd5
17.cxd5 g5 18.Nxg5 Neg6 19.Nf3 Bh6 20.Nh2 Kh7 21.Kh1 Rg8 22.Ne2 Rc8 23.Be3 a6
24.Rac1 Qf6 25.b5 axb5 26.axb5 Qg7 27.Rxc8 Rxc8 28.Bxf4 Bxf4 29.b6 Bd2 30.Rd1 Ba5
31.Nf3 Qf6 32.Rb1 Rc5 33.Qe3 Kg7 34.Ne1 Bb5 35.g3 Bxb6 36.gxh4 Bxe2 37.Qxe2 Ba5
38.Ng2 Rc7 39.h5 Ne7 40.Ne3 Kh7 41.Bg2 Bc3 42.Ng4 Qf4 43.Qf3 Qxf3 44.Bxf3 Ng8
45.Rb6 Rd7 46.Be2 Bd4 47.Rb3 Rc7 48.Kg2 Rc2 49.Rxb7 Rxe2 50.Rxf7+ Kh8 51.h6 Rxe4
52.h7 Rxg4+ 53.hxg4 Nh6 54.Rf6 Nxg4 55.Rxd6 Kxh7 56.Re6 Nxf2 57.d6 Nd3 58.Re7+ Kg8
59.d7 Bb6  1/2-1/2

[Event "Dubai op"]
[Site "Dubai"]
[Date "1999.05.03"]
[Round "3"]
[White "Guseinov, Aidyn"]
[Black "Kuzmin, Alexey"]
[Result "0-1"]
[WhiteElo "2513"]
[BlackElo "2559"]

1.d4 Nf6 2.c4 g6 3.Nc3 Bg7 4.e4 d6 5.Be2 O-O 6.Nf3 e5 7.O-O Nc6 8.d5 Ne7
9.Nd2 a5 10.a3 Bd7 11.b3 c6 12.Ra2 Bh6 13.Qc2 c5 14.Nf3 Bxc1 15.Qxc1 Nh5
16.Qh6 f6 17.g3 Ng7 18.h4 Kh8 19.Nh2 g5 20.hxg5 Ng8 21.Bg4 Nxh6 22.gxh6 Ne8
23.Bf5 a4 24.Rb1 axb3 25.Rxb3 Ra7 26.Nf1 Bxf5 27.exf5 Qe7 28.Ne4 Rg8 29.f3 Qf7
30.Rh2 b5 31.cxb5 Qxd5 32.Rhb2 c4 33.Rb4 Rxa3 34.b6 Rxf3 35.Rf2 Qxe4 36.Rxf3 Qxf3
37.b7 Rxg3+ 38.Nxg3 Qxg3+  0-1

[Event "EST-ch"]
[Site "Tallinn"]
[Date "1999.05.03"]
[Round "3"]
[White "Veingold, Aleksandr"]
[Black "Sepp, Olav"]
[Result "1/2-1/2"]
[WhiteElo "2475"]
[BlackElo "2397"]

1.d4 Nf6 2.Nf3 g6 3.c4 Bg7 4.Nc3 O-O 5.e4 d6 6.Be2 e5 7.O-O Nc6 8.d5 Ne7
9.Ne1 Ne8 10.Nd3 f5 11.Bd2 Nf6 12.f3 f4 13.c5 h5 14.cxd6 cxd6 15.Nf2 g5 16.h3 Rf7
17.Qc2 Bf8 18.Nb5 Ng6 19.Rfc1 Ne8 20.a4 Nh4 21.Qd1  1/2-1/2

[Event "Dubai op"]
[Site "Dubai"]
[Date "1999.05.07"]
[Round "7"]
[White "Sakaev, Konstantin"]
[Black "Iuldachev, Saidali"]
[Result "1-0"]
[WhiteElo "2649"]
[BlackElo "2517"]

1.d4 g6 2.c4 Bg7 3.Nc3 Nf6 4.e4 d6 5.Nf3 O-O 6.Be2 e5 7.O-O Nc6 8.d5 Ne7
9.Nd2 a5 10.a3 Bd7 11.b3 c6 12.Bb2 c5 13.Nb5 Ne8 14.b4 b6 15.bxc5 bxc5 16.f4 exf4
17.Bxg7 Kxg7 18.Rxf4 g5 19.Rf2 Ng6 20.Bg4 Bxb5 21.cxb5 Ne5 22.Be2 Nf6 23.Qb3 Nfd7
24.Qc3 f6 25.Rb1 a4 26.Nf1 c4 27.Ng3 Qb6 28.Nf5+ Kh8 29.h3 Rab8 30.Ne7 Nc5
31.Qd4 Nb3 32.Qxb6 Rxb6 33.Nc6 Nd2 34.Rb4 Nxe4 35.Rf1 Ng3 36.Re1 c3 37.Kf2 Nxe2
38.Kxe2 Ng6 39.Kd3 Nf4+ 40.Kxc3 Nxd5+ 41.Kc4 Nc7 42.Nd4 Rc8 43.Kd3 Rcb8 44.Rc1 R6b7
45.g3 Re8 46.Rxa4 Nd5 47.Rc6 Nb6 48.Rb4 Ra8 49.Nc2 d5 50.Rxf6 Nc4 51.Kd4 Nxa3
52.Nxa3 Rxa3 53.b6 Rxg3 54.Rc6 Rg1 55.Rc7 Rd1+  1-0

[Event "ISR-chT"]
[Site "Israel"]
[Date "1999.05.07"]
[Round "11"]
[White "Golod, Vitali"]
[Black "Bitansky, Igor"]
[Result "1-0"]
[WhiteElo "2554"]
[BlackElo "2319"]

1.d4 Nf6 2.c4 g6 3.Nc3 Bg7 4.e4 d6 5.Nf3 O-O 6.Be2 e5 7.O-O Nc6 8.d5 Ne7
9.b4 a5 10.Ba3 b6 11.bxa5 Nh5 12.Re1 Nf4 13.Bf1 f5 14.Nd2 fxe4 15.Ndxe4 Nf5
16.g3 Nh5 17.Nb5 Rxa5 18.Bb4 Ra8 19.a4 Bd7 20.Ra3 Nf6 21.Bg2 Nxe4 22.Bxe4 Nd4
23.Nxd4 exd4 24.a5 bxa5 25.Bxa5 Re8 26.Qd3 Ra7 27.Bd2 Rxa3 28.Qxa3 Qf6 29.Qd3 Rf8
30.f3 Ra8 31.Kg2 Ra2 32.Re2 Qd8 33.Be1 Rxe2+ 34.Qxe2 Qb8 35.Bf2 Qb4 36.Bd3 Kf7
37.h4 Qc3 38.h5 Bf5 39.Bxf5 gxf5 40.Qe6+ Kf8 41.Qxf5+ Kg8 42.Qe6+  1-0

[Event "Budapest FS05 IM"]
[Site "Budapest"]
[Date "1999.05.08"]
[Round "8"]
[White "Olszewski, Piotr"]
[Black "Gladyszev, Oleg"]
[Result "1-0"]
[WhiteElo "2349"]
[BlackElo "2388"]

1.d4 Nf6 2.c4 g6 3.Nc3 Bg7 4.e4 d6 5.Nf3 O-O 6.Be2 e5 7.O-O Nc6 8.d5 Ne7
9.Bg5 Nh5 10.Ne1 Nf4 11.Nd3 Nxe2+ 12.Qxe2 h6 13.Be3 f5 14.f3 f4 15.Bf2 h5
16.c5 g5 17.Rfc1 Bd7 18.cxd6 cxd6 19.a4 g4 20.Nb5 g3 21.hxg3 fxg3 22.Bxg3 Bh6
23.Rc2 Ng6 24.Bf2 Rf6 25.Ra3 h4 26.Nc7 Rc8 27.Ne6 Bxe6 28.dxe6 Rxe6 29.Rxc8 Qxc8
30.Rc3 Qd7 31.Qc2 Re7 32.Bxa7 h3 33.g3 Rg7 34.Kh2 Kh7 35.Ne1 b5 36.Bf2 bxa4
37.Rc4 Qb5 38.Kxh3 Qd7+ 39.g4 Bf4 40.Kg2 Qe7 41.Qxa4 Nh4+ 42.Kf1 Bd2 43.Ke2 Bxe1
44.Bxe1 Rf7 45.Rc3 Qf6 46.Qb3 Ng2 47.Bd2 Kg7 48.Qb6 Kg6 49.Rd3 Rd7 50.Qc6 Qd8
51.b4 Kf6 52.b5 Ke6 53.b6 Qb8 54.Kf2 Nh4 55.Bg5 Rh7 56.Rxd6+  1-0

[Event "ISR-chT"]
[Site "Israel"]
[Date "1999.05.08"]
[Round "11"]
[White "Mikhalevski, Victor"]
[Black "Kanstler, Boris"]
[Result "0-1"]
[WhiteElo "2531"]
[BlackElo "2539"]

1.d4 d6 2.Nf3 Nf6 3.c4 g6 4.Nc3 Bg7 5.e4 O-O 6.Be2 e5 7.O-O Nc6 8.d5 Ne7
9.b4 Nh5 10.Re1 a5 11.bxa5 f5 12.Nd2 Nf4 13.Nb3 Nxe2+ 14.Rxe2 f4 15.Rc2 f3
16.gxf3 h6 17.c5 g5 18.Nb5 Ng6 19.a4 Nh4 20.Nd2 g4 21.cxd6 Nxf3+ 22.Nxf3 gxf3
23.Kf1 Qh4 24.Rxc7 Qxh2 25.Ke1 Qg1+ 26.Kd2 Qxf2+ 27.Kd3 Qg3 28.d7 Bxd7 29.Rxd7 f2+
30.Be3 Rf3 31.Qe2 Raf8 32.Nd6 f1=Q 33.Rxf1 Rxf1 34.Rxb7 Re1 35.Qd2 Rff1 36.Nf5 Rxf5
37.exf5 e4+ 38.Kxe4 Qe5+ 39.Kf3 Qxf5+ 40.Bf4 Qh3+ 41.Bg3 Rf1+ 42.Ke2 Qg2+
43.Kd3 Qxd5+  0-1

[Event "NED-ch U20 "]
[Site "Leiden"]
[Date "1999.05.10"]
[Round "8"]
[White "Ernst, Sipke"]
[Black "Wortel, Marten"]
[Result "1-0"]
[WhiteElo "2428"]
[BlackElo "2281"]

1.Nf3 g6 2.d4 Bg7 3.c4 Nf6 4.Nc3 O-O 5.e4 d6 6.Be2 e5 7.O-O Nc6 8.d5 Ne7
9.Rb1 Nd7 10.b4 f5 11.Ng5 Nf6 12.Bf3 Kh8 13.Rb3 fxe4 14.Ncxe4 Nf5 15.Bb2 Nxe4
16.Nxe4 Bd7 17.Qe2 a5 18.b5 b6 19.Bg4 Qe7 20.Re1 Rae8 21.a4 Qd8 22.Rd3 Qc8
23.Bh3 Nd4 24.Bxd4 exd4 25.Bxd7 Qxd7 26.Rd2 Qf5 27.Qd3 Re7 28.Rde2 Rfe8 29.g3 g5
30.f3 h5 31.Kg2 h4 32.Kf2 Qh3 33.Kg1 Qf5 34.Kg2 Kg8 35.Kf2 Qh3 36.Kg1 Qf5
37.Kg2 g4 38.f4 hxg3 39.hxg3 Qh7 40.Kg1 Bh8 41.f5 Qxf5 42.Rf1 Qd7 43.Nc5 dxc5
44.Qg6+ Bg7 45.Rh2 Rf7 46.Rxf7 Qxf7 47.Rh8+ Kxh8 48.Qxf7 Re5 49.Qg6 Re3 50.Qh5+ Kg8
51.Qxg4 d3 52.Kf2 Re7 53.Qd1 Be5 54.Qxd3 Rg7 55.d6 Bxd6 56.Qd5+ Kf8 57.g4 Rf7+
58.Kg2 Kg7 59.Kh3 Rf6 60.g5 Rf2 61.Qe4 Rd2 62.Qf3 Be5 63.Qe3 Rh2+ 64.Kg4 Bd6
65.Qc3+ Kg8 66.Qf6 Rh7 67.Qe6+ Kf8 68.Kf5 Re7 69.Qh6+ Kg8 70.g6 Be5 71.Qh4 Kf8
72.Qxe7+  1-0

[Event "NOR-chT"]
[Site "Langesund"]
[Date "1999.05.16"]
[Round "7"]
[White "Gausel, Einar"]
[Black "Djurhuus, Rune"]
[Result "1/2-1/2"]
[WhiteElo "2525"]
[BlackElo "2478"]

1.d4 Nf6 2.Nf3 g6 3.c4 Bg7 4.Nc3 O-O 5.e4 d6 6.Be2 e5 7.O-O Nc6 8.d5 Ne7
9.Bg5 Ne8 10.Nd2 f5 11.f3 f4 12.Bh4 Bf6 13.Bf2 g5 14.c5 Rf7 15.Nc4 Rg7 16.cxd6 Nxd6
17.Nxd6 cxd6 18.Rc1 Ng6 19.Qb3 h5 20.Nb5 a6 21.Na7 Bd7 22.Nc6 Qf8 23.Qxb7 g4
24.Qb4 g3 25.Be1 gxh2+ 26.Kxh2 Bh4 27.Bxh4 Nxh4 28.Rf2 Qf6 29.Rh1 Bh3 30.Bf1 Bxg2
31.Bxg2 Nxg2 32.Rxg2 Qh4+ 33.Kg1 Rxg2+ 34.Kxg2 Qg3+ 35.Kf1 Qxf3+ 36.Kg1 Qd1+
37.Kh2 Qe2+ 38.Kg1 Qe3+ 39.Kf1 Qf3+ 40.Kg1 Qe3+ 41.Kf1 Qd3+ 42.Kf2 Qg3+ 43.Kf1  1/2-1/2

[Event "Zalakaros Kupa 18th"]
[Site "Zalakaros"]
[Date "1999.05.20"]
[Round "9"]
[White "Farago, Ivan"]
[Black "Meszaros, Gyula"]
[Result "1-0"]
[WhiteElo "2533"]
[BlackElo "2311"]

1.d4 Nf6 2.Nf3 g6 3.c4 Bg7 4.Nc3 O-O 5.e4 d6 6.Be2 e5 7.O-O Nc6 8.d5 Ne7
9.b4 Nh5 10.Re1 Nf4 11.Bf1 h6 12.Nd2 g5 13.c5 Neg6 14.Nc4 Bf6 15.Ne3 h5 16.c6 b6
17.Bd2 g4 18.g3 Bg5 19.a4 a6 20.Ra3 Qf6 21.Bc1 Qh8 22.Nf5 f6 23.gxf4 exf4
24.Ne2 Re8 25.Ned4 Ne5 26.h4 gxh3 27.Rxh3 Bxf5 28.Nxf5 f3 29.Bb2  1-0

[Event "Ostrava zt (Women)"]
[Site "Ostrava"]
[Date "1999.05.24"]
[Round "3"]
[White "Radziewicz, Iweta"]
[Black "Brustman, Agnieszka"]
[Result "1-0"]
[WhiteElo "2384"]
[BlackElo "2379"]

1.d4 Nf6 2.c4 g6 3.Nc3 Bg7 4.e4 d6 5.Nf3 O-O 6.Be2 e5 7.O-O Nc6 8.d5 Ne7
9.Ne1 Nd7 10.Be3 f5 11.f3 f4 12.Bf2 g5 13.Rc1 Ng6 14.c5 Nxc5 15.b4 Na6 16.Nb5 h5
17.Nxa7 Bd7 18.a4 Bh6 19.Rc4 Rf7 20.Nb5 Rg7 21.Kh1 Nf8 22.g3 fxg3 23.Bxg3 Ng6
24.Nd3 Nf4 25.Nxf4 gxf4 26.Bf2 Kh8 27.Rg1 Bg5 28.Bf1 Rc8 29.Qe1 Qe7 30.Bg2 Bf6
31.Qc1 Bh4 32.Bxh4 Qxh4 33.Nxd6 cxd6 34.Rxc8+ Bxc8 35.Qxc8+ Kh7 36.Bf1 Rxg1+
37.Kxg1 Qg5+ 38.Kh1 Qe7 39.Bxa6 bxa6 40.Qxa6 Qc7 41.Qe2 Qc3 42.b5 h4 43.Kg2 Qc8
44.h3 Qg8+ 45.Kf1 Qc8 46.Qf2 Qxh3+ 47.Kg1  1-0

[Event "CRO-Cup"]
[Site "Pula"]
[Date "1999.05.24"]
[Round "1"]
[White "Franic, Milan"]
[Black "Rukavina, Damir"]
[Result "1-0"]
[WhiteElo "2435"]
[BlackElo "2313"]

1.d4 Nf6 2.c4 g6 3.Nc3 Bg7 4.e4 d6 5.Be2 O-O 6.Nf3 e5 7.O-O Nc6 8.d5 Ne7
9.Nh4 h6 10.g3 Bh3 11.Re1 c6 12.Be3 Qd7 13.f3 c5 14.Qd2 h5 15.Nd1 Qe8 16.b4 b6
17.bxc5 bxc5 18.Rb1 Rb8 19.Nf2 Rxb1 20.Rxb1 Bc8 21.Qa5 Qd7 22.Bd1 Ne8 23.Ba4 Qc7
24.Bd2 Qxa5 25.Bxa5 Ba6 26.Bb5 Bxb5 27.Rxb5 Nc8 28.Rb7 Bf6 29.Ng2 Bg5 30.h4 Bh6
31.g4 hxg4 32.fxg4 Bf4 33.Nxf4 exf4 34.a4 f6 35.Nd3 g5 36.h5 Nb6 37.Bxb6 axb6
38.Rxb6 Rf7 39.a5 f5 40.exf5 Nf6 41.Nf2 Nd7 42.Rb7 Ne5 43.a6  1-0

[Event "Pula op 13th"]
[Site "Pula"]
[Date "1999.05.29"]
[Round "1"]
[White "Feletar, Darko"]
[Black "Budimir, B."]
[Result "0-1"]
[WhiteElo "2376"]
[BlackElo "2145"]

1.d4 Nf6 2.c4 g6 3.Nc3 Bg7 4.e4 d6 5.Nf3 O-O 6.Be2 e5 7.O-O Nc6 8.d5 Ne7
9.b4 Nh5 10.Re1 Nf4 11.Bf1 h6 12.c5 g5 13.Nd2 f5 14.g3 Nfg6 15.exf5 Nxf5
16.Bg2 g4 17.Nce4 Nf4 18.gxf4 exf4 19.Rb1 f3 20.Bf1 Be5 21.Ng3 Bxg3 22.hxg3 Nxg3
23.fxg3 f2+ 24.Kh2 Qg5 25.Nf3 fxe1=Q 26.Nxe1 Qh5+ 27.Kg1 Rxf1+ 28.Kxf1 Bf5
29.Bf4 Be4 30.Rc1 Re8 31.Qd2 Bf3 32.Be3 Qh1+ 33.Kf2 Qh2+ 34.Kf1 Qh1+ 35.Kf2 Qh2+
36.Kf1 Qxg3 37.Nxf3 Qxf3+ 38.Bf2 g3 39.Rc3 Qh1+ 40.Bg1 Qh3+  0-1

[Event "Prague Sachinfo"]
[Site "Prague"]
[Date "1999.06.04"]
[Round "4"]
[White "Ftacnik, Lubomir"]
[Black "Babula, Vlastimil"]
[Result "1-0"]
[WhiteElo "2585"]
[BlackElo "2565"]

1.d4 Nf6 2.Nf3 g6 3.c4 Bg7 4.Nc3 O-O 5.e4 d6 6.Be2 e5 7.O-O Nc6 8.d5 Ne7
9.Nd2 a5 10.Rb1 Bd7 11.b3 c6 12.a3 b5 13.b4 axb4 14.axb4 bxc4 15.Nxc4 cxd5
16.exd5 Nf5 17.b5 Bc8 18.Ba3 Bb7 19.Bb4 Ne8 20.Ne4 Nd4 21.Nexd6 Bxd5 22.Bd3 f5
23.f3 Nxd6 24.Bxd6 Re8 25.b6 Qd7 26.Re1 e4 27.fxe4 fxe4 28.Bf1 e3 29.Bg3 e2
30.Bxe2 Rxe2 31.Rxe2 Bxc4 32.Rd2 Ba6 33.Qb3+ Kh8 34.b7 Bxb7 35.Qxb7 Qxb7
36.Rxb7 Ra1+ 37.Kf2 h5 38.Rxg7  1-0

[Event "CZE-ch"]
[Site "Lazne Bohdanec"]
[Date "1999.06.05"]
[Round "3"]
[White "Stocek, Jiri"]
[Black "Sobek, Jaroslav"]
[Result "0-1"]
[WhiteElo "2537"]
[BlackElo "2299"]

1.Nf3 Nf6 2.c4 g6 3.Nc3 Bg7 4.d4 O-O 5.e4 d6 6.Be2 e5 7.O-O Nc6 8.d5 Ne7
9.Bd2 Nh5 10.Re1 f5 11.exf5 Nxf5 12.Ne4 Nf6 13.Bd3 Nxe4 14.Bxe4 a5 15.Bc3 b6
16.Qd3 Qf6 17.Re2 Nh4 18.Nxh4 Qxh4 19.Rf1 Bd7 20.b3 Qg5 21.a3 Bf5 22.Re3 Bxe4
23.Rxe4 Rf7 24.Qe2 Qf5 25.f3 Qd7 26.Qd3 Rff8 27.Qd2 Rf7 28.b4 axb4 29.axb4 Ra3
30.c5 bxc5 31.bxc5 Qb5 32.Bb4 Rd3 33.Qa2 dxc5 34.Ba5 Qd7 35.Rfe1 Qxd5 36.Qxd5 Rxd5
37.Bc3 Rf4 38.R4e2 Rf5 39.Ba5 Rd7 40.Rc2 Bf8 41.Bc3 Bd6 42.Bb2 Kf7 43.Ba3 c4
44.Bc1 c3 45.Re4 Bc5+ 46.Be3 Bd4 47.f4 c5  0-1

[Event "Salongernas IM"]
[Site "Stockholm"]
[Date "1999.06.06"]
[Round "2"]
[White "Sandstrom, Ludvig"]
[Black "Couso, Luis"]
[Result "0-1"]
[WhiteElo "2356"]
[BlackElo "2302"]

1.d4 Nf6 2.Nf3 g6 3.c4 Bg7 4.Nc3 O-O 5.e4 d6 6.Be2 e5 7.O-O Nc6 8.d5 Ne7
9.Bg5 h6 10.Bxf6 Bxf6 11.b4 a5 12.a3 c6 13.Rc1 axb4 14.axb4 Bg7 15.Qb3 cxd5
16.cxd5 f5 17.Nd2 fxe4 18.Ndxe4 Nf5 19.Nb5 Bd7 20.Nexd6 Nxd6  0-1

[Event "Salongernas IM"]
[Site "Stockholm"]
[Date "1999.06.12"]
[Round "8"]
[White "Sandstrom, Ludvig"]
[Black "Kallio, Heikki"]
[Result "1/2-1/2"]
[WhiteElo "2356"]
[BlackElo "2352"]

1.d4 Nf6 2.c4 g6 3.Nc3 Bg7 4.e4 d6 5.Be2 O-O 6.Nf3 e5 7.O-O Nc6 8.d5 Ne7
9.Bg5 Nh5 10.Ne1 Nf4 11.Nd3 Nxd3 12.Qxd3 f6 13.Bd2 f5 14.b4 f4 15.c5 g5 16.h3 Ng6
17.Bh5 g4 18.hxg4 Bf6 19.Qh3 Bg5 20.Rfd1 a5 21.cxd6 cxd6 22.Nb5 f3 23.Bxg6 hxg6
24.Bxg5 Qxg5 25.gxf3 axb4 26.Kg2 Kg7 27.Rh1 b3 28.Rac1 Rxa2 29.Rc7+ Kf6 30.Qh7 Rxf2+
31.Kg1 Rg2+ 32.Kxg2 Qd2+ 33.Kf1 Qd1+ 34.Kg2 Qd2+ 35.Kf1  1/2-1/2

[Event "CCA ChessWise op"]
[Site "Stratton Mountain"]
[Date "1999.06.13"]
[Round "4"]
[White "Hummel, Patrick"]
[Black "Timoshenko, Georgy"]
[Result "1-0"]
[WhiteElo "2270"]
[BlackElo "2592"]

1.d4 Nf6 2.c4 g6 3.Nc3 Bg7 4.e4 d6 5.Nf3 O-O 6.Be2 e5 7.O-O Nc6 8.d5 Ne7
9.Ne1 Nd7 10.Be3 f5 11.f3 f4 12.Bf2 g5 13.a4 a5 14.Nd3 b6 15.Be1 Nf6 16.Nf2 Nd7
17.Nb5 Nc5 18.b4 axb4 19.Bxb4 Kh8 20.a5 Ba6 21.axb6 cxb6 22.Nd3 Qd7 23.Nxc5 dxc5
24.Bc3 Bb7 25.Qb3 Rae8 26.Rfb1 Nc8 27.Na7 Rf6 28.Nxc8 Bxc8 29.Qa4 Qe7 30.Qa7 Qd6
31.Ra2 Re7 32.Qa8 Qc7 33.d6 Rxd6 34.Ra7  1-0

[Event "Hotel Irottko GM"]
[Site "Koszeg"]
[Date "1999.06.25"]
[Round "3"]
[White "Llanos, Guillermo"]
[Black "Schebler, Gerhard"]
[Result "1/2-1/2"]
[WhiteElo "2437"]
[BlackElo "2439"]

1.d4 Nf6 2.c4 g6 3.Nc3 Bg7 4.e4 d6 5.Nf3 O-O 6.Be2 e5 7.O-O Nc6 8.d5 Ne7
9.Ne1 Nd7 10.Be3 f5 11.f3 f4 12.Bf2 g5 13.g4 h5 14.h3 Ng6 15.Nd3 Rf7 16.Kg2 Bf8
17.b4 Nf6 18.Rh1 Nh4+ 19.Bxh4 gxh4 20.Nf2 Nh7 21.Qb3 Ng5 22.a4 a5 23.Nb1 Rh7
24.Nd2 Kh8 25.bxa5 Rxa5 26.Qc3 Ra8 27.a5 Qf6 28.Rab1 Be7 29.Rb5 Rg7 30.Rhb1 Rf7
31.Rxb7 hxg4 32.Nxg4 Bxg4 33.hxg4 h3+ 34.Kh2 Qh6 35.Rb8+ Rf8 36.Rxf8+ Bxf8
37.Nb3 Be7 38.Qe1 Kg7 39.Qf2 Nf7 40.c5 Bh4 41.Qf1 Bg3+ 42.Kh1 Qh4 43.a6 Ng5
44.cxd6 cxd6 45.Nc1 Bf2 46.Rb7+ Kg6 47.Rd7 Qg3 48.Rxd6+ Kg7 49.Nd3 Bd4 50.Rd7+ Kf6
51.Rd6+ Kg7 52.Rd7+ Kf6 53.Rd6+ Ke7 54.Rc6 Rb8 55.Rc7+ Kf6 56.Rc6+ Kg7 57.Rc7+ Kf6
58.Rc6+ Kg7 59.Rc7+ Kf6  1/2-1/2

[Event "Ljubljana op 10th"]
[Site "Ljubljana"]
[Date "1999.06.26"]
[Round "2"]
[White "Nikolov, Sasho"]
[Black "Zufic, Miroslav"]
[Result "1-0"]
[WhiteElo "2395"]
[BlackElo "2136"]

1.d4 Nf6 2.c4 g6 3.Nc3 Bg7 4.e4 d6 5.Nf3 O-O 6.Be2 e5 7.O-O Nc6 8.d5 Ne7
9.Nd2 a5 10.a3 Bd7 11.b3 Ne8 12.Bb2 c5 13.b4 b6 14.bxc5 bxc5 15.Na4 Bh6 16.Bc3 f5
17.Rb1 Nf6 18.Nb6 Ra6 19.Nxd7 Qxd7 20.exf5 Nxf5 21.Bd3 a4 22.Rb2 Nh4 23.Ne4 Nh5
24.Re1 Nf4 25.Bf1 Qf5 26.Kh1 Qd7 27.g3 Qe7 28.Qg4 Nf3 29.Qxf3  1-0

[Event "White Nights"]
[Site "St Petersburg"]
[Date "1999.06.28"]
[Round "3"]
[White "Biriukov, Oleg V"]
[Black "Solovjov, Sergey"]
[Result "1/2-1/2"]
[WhiteElo "2407"]
[BlackElo "2447"]

1.d4 Nf6 2.c4 g6 3.Nc3 Bg7 4.e4 d6 5.Nf3 O-O 6.Be2 e5 7.O-O Nc6 8.d5 Ne7
9.Ne1 Nd7 10.Nd3 f5 11.Bd2 Nf6 12.f3 f4 13.c5 g5 14.Rc1 Ng6 15.Nb5 a6 16.cxd6 axb5
17.dxc7 Qd7 18.Qb3 Ne8 19.Nc5 Qd6 20.Ne6 Qb6+ 21.Kh1 Bxe6 22.dxe6 Nxc7 23.e7+ Rf7
24.Bc4 Nh8 25.Rfd1 Re8  1/2-1/2

[Event "Andorra la Vella op"]
[Site "Andorra la Vella"]
[Date "1999.06.29"]
[Round "4"]
[White "Sulava, Nenad"]
[Black "Kuzmin, Alexey"]
[Result "1/2-1/2"]
[WhiteElo "2466"]
[BlackElo "2559"]

1.d4 Nf6 2.c4 g6 3.Nc3 Bg7 4.e4 d6 5.Nf3 O-O 6.Be2 e5 7.O-O Nc6 8.d5 Ne7
9.Ne1 Nd7 10.Be3 f5 11.f3 f4 12.Bf2 g5 13.Rc1 Rf6 14.b4 Rh6 15.c5 a6 16.Nd3 Nf6
17.Be1 Rg6 18.Nf2 h5 19.h3 Bh6 20.Bd2 Kh8 21.Na4 b5 22.Nb2 g4 23.fxg4 hxg4
24.hxg4 Qg8 25.Rc3 Nxg4 26.Bxg4 Bxg4 27.Nxg4 Rxg4 28.Qe2 Qg6 29.Rh3 Ng8 30.Nd3 Rf8
31.Bc3 Kh7 32.Bxe5 f3 33.Rhxf3 Rxf3 34.Qxf3 Rxe4 35.Bh2 Re3 36.Qf7+ Qxf7
37.Rxf7+ Kg6 38.Rf3 Rxf3 39.gxf3 Nf6 40.cxd6 cxd6 41.Bxd6 Nxd5 42.Kf2  1/2-1/2

[Event "World op"]
[Site "Philadelphia"]
[Date "1999.07.01"]
[Round "1"]
[White "Summerscale, Aaron"]
[Black "Garcia, Martin"]
[Result "1-0"]
[WhiteElo "2540"]
[BlackElo "2017"]

1.c4 g6 2.d4 Nf6 3.Nc3 Bg7 4.e4 d6 5.Nf3 O-O 6.Be2 e5 7.O-O Nc6 8.d5 Ne7
9.Ne1 Nd7 10.Be3 f5 11.f3 Kh8 12.a4 f4 13.Bf2 g5 14.a5 Ng8 15.Nd3 h5 16.c5 Ndf6
17.cxd6 cxd6 18.Nb5 g4 19.Nxa7 g3 20.Bb6 gxh2+ 21.Kh1 Qe8 22.Nxc8 Rxc8 23.Qe1 Rf7
24.Qh4 Bf8 25.Rac1 Be7 26.Rxc8 Qxc8 27.Rc1 Qf8 28.Qh3 Qh6 29.Rc7 Rg7 30.Rxb7 h4
31.Nf2 Nh5 32.a6 Rg3 33.Qxh2 h3  1-0

[Event "Haarlem AKN op 8th"]
[Site "Haarlem"]
[Date "1999.07.02"]
[Round "2"]
[White "Chuchelov, Vladimir"]
[Black "Van Beek, Alexander"]
[Result "1-0"]
[WhiteElo "2533"]
[BlackElo "2294"]

1.Nf3 Nf6 2.c4 g6 3.Nc3 Bg7 4.e4 d6 5.d4 O-O 6.Be2 e5 7.O-O Nc6 8.d5 Ne7
9.Nd2 a5 10.a3 Nd7 11.Rb1 f5 12.b4 Kh8 13.Qc2 Ng8 14.f3 Ngf6 15.Bd3 f4 16.Be2 g5
17.g4 fxg3 18.hxg3 g4 19.fxg4 Bh6 20.Kg2 Rg8 21.Rh1 Be3 22.Qd3 axb4 23.axb4 Bb6
24.g5 Rxg5 25.Nf3 Rg8 26.Ng5 Qe8 27.Bd2 Rg6 28.Rbf1 Qg8 29.Ne6 Nb8 30.c5 Bxe6
31.cxd6 Bg4 32.Bxg4 Nxg4 33.dxc7 Na6 34.Nb5 Rc8 35.Rc1 Qf7 36.Rhf1 Qd7 37.Rf5 Nxc7
38.Qc4 Rg7 39.Nxc7 Qxc7 40.Qf1 Qd7 41.Rxc8+ Qxc8 42.Rf8+  1-0

[Event "Budapest FS07 IM"]
[Site "Budapest"]
[Date "1999.07.03"]
[Round "1"]
[White "Fordan, Tibor"]
[Black "Schebler, Gerhard"]
[Result "0-1"]
[WhiteElo "2272"]
[BlackElo "2443"]

1.d4 Nf6 2.c4 g6 3.Nc3 Bg7 4.e4 d6 5.Nf3 O-O 6.Be2 e5 7.O-O Nc6 8.d5 Ne7
9.Nd2 a5 10.a3 Bd7 11.b3 Ne8 12.Rb1 c5 13.b4 b6 14.bxc5 bxc5 15.Nb5 f5 16.f3 Bh6
17.Nb3 Bxc1 18.Nxc1 Kh8 19.Nd3 Ng8 20.Qd2 Ngf6 21.Nc3 f4 22.Rb2 g5 23.Nf2 h5
24.Rfb1 g4 25.Rb7 Rg8 26.Nd3 Nh7 27.Nxf4 exf4 28.Qxf4 Bc8 29.Rb8 Rxb8 30.Rxb8 Qc7
31.Rb1 Qg7 32.Nb5 gxf3 33.Bxf3 Ng5 34.Kh1 Bd7 35.Qh4 Nf6 36.Bxh5 Qh7 37.Nxd6 Qxh5
38.Nf7+ Nxf7 39.Qxf6+ Rg7 40.Rb8+ Kh7 41.Rb1 Ne5 42.Qf2 Bg4  0-1

[Event "Budapest FS07 IM"]
[Site "Budapest"]
[Date "1999.07.03"]
[Round "1"]
[White "Pham Minh Hoang"]
[Black "Kiss, Gedeon"]
[Result "1-0"]
[WhiteElo "2421"]
[BlackElo "2326"]

1.c4 g6 2.Nf3 Bg7 3.e4 d6 4.Be2 Nf6 5.Nc3 O-O 6.d4 e5 7.O-O Nc6 8.d5 Ne7
9.Ne1 Ne8 10.Be3 f5 11.f3 f4 12.Bf2 g5 13.c5 Ng6 14.Rc1 h5 15.Nd3 Bh6 16.cxd6 cxd6
17.Nb5 a6 18.Na7 Bd7 19.Qb3 Qb8 20.Qb6 g4 21.Nc5 dxc5 22.Qxg6+ Bg7 23.Nc6 bxc6
24.dxc6 Rf6 25.Bc4+ Kh8 26.Qxh5+ Rh6 27.Qf7 Nd6 28.Qxd7 gxf3 29.c7 Qf8 30.Bxc5 fxg2
31.Rf3 Re8 32.Bxd6 Rxd6 33.Qh3+ Rh6 34.Qd7 Bf6 35.Be6 Rg6 36.Rh3+ Rh6 37.Rxh6+  1-0

[Event "SVK-ch"]
[Site "Nove Zamky"]
[Date "1999.07.03"]
[Round "1"]
[White "Hlas, Jan"]
[Black "Babula, Vlastimil"]
[Result "0-1"]
[WhiteElo "2118"]
[BlackElo "2567"]

1.d4 Nf6 2.c4 g6 3.Nc3 Bg7 4.e4 d6 5.Nf3 O-O 6.Be2 e5 7.O-O Nc6 8.d5 Ne7
9.Ne1 Ne8 10.Be3 f5 11.f3 f4 12.Bf2 g5 13.c5 h5 14.a4 Rf6 15.cxd6 Nxd6 16.Rc1 a6
17.Na2 Ng6 18.Bc5 Rf7 19.Nd3 Bf8 20.Rc3 Rg7 21.Nf2 Nh4 22.Nc1 b6 23.Ba3 g4
24.fxg4 hxg4 25.Bxd6 Bxd6 26.Nxg4 Qg5 27.h3 Kh8 28.Nd3 Bd7 29.Ne1 Bc5+ 30.Kh1 Rag8
31.Nf3 Nxf3 32.Bxf3 Rh7 33.Rxc5 bxc5 34.Kg1 Bxg4 35.Bxg4 Qg6 36.Qc2 Qb6 37.Qc3 c4+
38.Rf2 Re7 39.Qxc4 Rb8 40.Qc3 Qd4 41.Qxd4 exd4 42.Bf5 Kg7 43.h4 Kf6 44.Rd2 Ke5
45.h5 Rh8 46.Bg6 Reh7 47.Rc2 Rxh5 48.Bxh5 Rxh5 49.Rxc7 d3 50.Kf2 Rh1  0-1

[Event "World op"]
[Site "Philadelphia"]
[Date "1999.07.04"]
[Round "6"]
[White "Fang, Joseph"]
[Black "Fedorowicz, John P"]
[Result "0-1"]
[WhiteElo "2366"]
[BlackElo "2574"]

1.Nf3 Nf6 2.c4 g6 3.Nc3 Bg7 4.e4 d6 5.d4 O-O 6.Be2 e5 7.O-O Nc6 8.d5 Ne7
9.Ne1 Nd7 10.Be3 f5 11.f3 f4 12.Bf2 g5 13.a4 a5 14.Nd3 b6 15.Be1 h5 16.Nf2 Nf6
17.h3 Rf7 18.Nb5 Bf8 19.Ra3 Ng6 20.b4 Rg7 21.bxa5 bxa5 22.Rb3 Nh8 23.c5 dxc5
24.Na3 Bd7 25.Bb5 g4 26.fxg4 hxg4 27.hxg4 Nxg4 28.Bxd7 Qxd7 29.Nxg4 Rxg4
30.Nc4 Bd6 31.Rb7 Rg7 32.Nb6 Qh3 33.Rf2 Rf8 34.Nc4 f3 35.Qc2 fxg2 36.Rxg2 Rf1+
37.Kxf1 Qh1+ 38.Ke2 Rxg2+  0-1

[Event "Budapest FS07 IM"]
[Site "Budapest"]
[Date "1999.07.05"]
[Round "12"]
[White "Fordan, Tibor"]
[Black "Kiss, Gedeon"]
[Result "0-1"]
[WhiteElo "2272"]
[BlackElo "2326"]

1.d4 Nf6 2.c4 g6 3.Nc3 Bg7 4.e4 d6 5.Nf3 O-O 6.Be2 e5 7.O-O Nc6 8.d5 Ne7
9.Nd2 a5 10.a3 Nd7 11.Rb1 f5 12.b4 Kh8 13.Qc2 Nf6 14.f3 axb4 15.axb4 c6 16.Kh1 g5
17.dxc6 bxc6 18.b5 g4 19.c5 dxc5 20.b6 Rb8 21.Nc4 gxf3 22.gxf3 fxe4 23.fxe4 Ng6
24.Bg5 Bh3 25.Rf3 Be6 26.Rd1 Qe7 27.Na4 h6 28.Be3 Ng4 29.Bxc5 Qh4 30.Rxf8+ Bxf8
31.Bg1 Nf4 32.Bf1 Be7 33.Ne3 Rg8 34.Nf5 Bb3 35.Qxb3 Qxh2+  0-1

[Event "Budapest FS07 IM"]
[Site "Budapest"]
[Date "1999.07.05"]
[Round "12"]
[White "Szeberenyi, Adam"]
[Black "Schebler, Gerhard"]
[Result "0-1"]
[WhiteElo "2357"]
[BlackElo "2443"]

1.d4 Nf6 2.c4 g6 3.Nc3 Bg7 4.e4 d6 5.Nf3 O-O 6.Be2 e5 7.O-O Nc6 8.d5 Ne7
9.b4 a5 10.Ba3 Nd7 11.bxa5 Rxa5 12.Bb4 Ra8 13.a4 Bh6 14.a5 f5 15.Nd2 Nf6
16.c5 Bxd2 17.Qxd2 Nxe4 18.Nxe4 fxe4 19.Bc3 Nf5 20.Ra4 e3 21.fxe3 Bd7 22.Rb4 Qg5
23.e4 Ne3 24.g3 Bh3 25.Re1 Rf7 26.Qc1 Raf8 27.Bd2 Rf2 28.Bxe3 Qf6 29.Rb1 Rg2+
30.Kh1 Rxe2 31.Kg1 Rg2+ 32.Kh1 Qf3  0-1